| 000 | 02433nam a2200253Ia 4500 | ||
|---|---|---|---|
| 003 | Ost | ||
| 005 | 20260507074933.0 | ||
| 008 | 260507s9999||||xx |||||||||||||| ||und|| | ||
| 020 | _a9957181475 | ||
| 040 | _cfsecg | ||
| 041 | _aara | ||
| 082 | _a658.15 | ||
| 100 |
_aالعامري، سعود جايد مشكور _eمؤلف |
||
| 245 | 0 |
_aالادارة المالية في الشركات متعددة الجنسيات / _c سعود جايد مشكور العامري |
|
| 250 | _aطبعة 1 | ||
| 260 |
_aعمان: _bدار المناهج, _c2007 |
||
| 300 |
_a226 صفحة؛ _c24 سم |
||
| 504 | _aبيبليوغرافيا ص.221 ؛ ملاحق ص.219 | ||
| 520 | _aمقدمة الكتاب – الفصل الأول : الشركات متعددة الجنسيات : أولا : تعريف الشركات متعددة الجنسيات ونشآتها التاريخية – الفصل الثانى : مصادر تمويل المشروعات الدولية : أولا : النماذج المختلفة للتمويل الدولى – الفصل الثالث : مصادر تمويل الفروع الأجنبية : أولا مصادر التمويل الداخلية للفروع الأجنبية – الفصل الرابع : تكلفة رأس المال والهيكل المالى للشركات متعددة الجنسيات : أولا: تكلفة رأس المال للشركات متعددة الجنسيات – الفصل الخامس : القرارات المالية الدولية طويلة الأجل : أولا : التدفقات النقدية للاستثمارت الخارجية – الفصل السادس : القرارات المالية الدولية قصيرة الأجل : أولا : إدارة النقدية الدولية – الفصل السابع : الأساليب والإجراءات المحاسبية الازمة للعمليات الدولية – الفصل الثامن : الضريبة الدولية وأسعار التحويل : أولا : المبادئ العامة للضريبة – الفصل التاسع : نظم وقواعد دمج الحسابات فى الشركات متعددة الجنسيات – الفصل العاشر : الرقابة وتقييم الأداء المالى فى الشركات متعددة الجنسيات. | ||
| 653 | _aإدارة مالية | ||
| 653 | _aشركات متعددة الجنسيات | ||
| 653 | _aمالية | ||
| 942 | _cكتاب | ||
| 999 |
_c41862 _d41862 |
||